000 00604nam a2200229Ia 4500
003 OSt
005 20250814115405.0
008 210210b2004 xxu||||| |||| 00| 0 eng d
020 _a8173715041
040 _cAL
041 _aeng
082 _a581.634 FARC
100 _aAzhar Ali Farooqi
_9235515
245 _aCultivation of medicinal and aromatic crops Rev Ed 2
250 _a2
260 _aHyderabad
_bUniversities Press (India) Private Limited
_c2004
300 _aviii,647p
690 _aEconomic Botany
_9235525
700 _aSreeramu B S
_9235526
906 _a061230
942 _2ddc
_cBK
999 _c108228
_d108228